000 00781nam a2200253Ia 4500
003 OSt
005 20220923225432.0
006 a|||||r|||| 00| 0
007 ta
008 220922b |||||||| |||| 00| 0 hin d
024 _a268,091
037 _cTextual
040 _aARTS
_cARTS
_bhin
041 _2hin
_ahin
082 _aQ127:25, 152M61
100 _aतिवारी, शशि
_9156278
245 0 _aईशावास्योपनिषद्
246 _aĪshāvāsyopaniṣhad
260 _aदिल्ली
_b भारतीय विद्या प्रकाशन
_c1986
300 _a127पृ.
_ccm.
650 _aधर्म
942 _hQ127:25, 152M61
_cTEXL
_2CC
999 _c378283
_d378283